000 00868nas a2200265 4500
001 BR0801862
003 BR-BrBNA
005 20231205111816.0
007 ta
008 230509b bl.|||p| |||| 00| 00por d
040 _aBR-BrBNA
_bpor
_cBiblioteca Nacional de Agricultura
041 _a(En)
072 _aL52
100 1 _aBezerra, J.M.D.
100 1 _aPeruquetti, R.C.
100 1 _aKerr, W.E.
245 1 _aAdaptive behavior of Scotocryptus melitophilus Reitter (Coleoptera, Leodidae)to live with its host Melipona quadrifasciata lepeletier (Hymenoptera, Apidae)
650 _aBEZOURO
650 _aABELHA
650 _aCOMPORTAMENTO ANIMAL
650 _aHOSPEDEIRO
773 0 _tRevista Brasileira de Zoologia (Brazil)
_xISSN 0101-8175
_g(Mar 2000), v. 17(1) p. 199-203
_wBR0801862
909 _a202311
_bLúcia
_c55
_dLúcia Elande
942 _2AGRIS
_n0
_cANA
999 _c194575
_d194575